• 首页
  • 本馆介绍
  • 公告通知
  • 最新文献
  • 馆藏检索
  • 电子资源
  • 读者导购
  • 参考咨询
  • 我的图书馆
  • 登录
  • 详细信息显示
  • 放入我的书架
  • 预约/预借图书
  • 作者相关作品
  • 分类相关作品
  • 丛书相关作品
  • 出版社相关作品

书目信息

  • 表格格式
  • 工作单格式
  • 卡片格式
题名:
中国曲艺音乐集成.天津卷
    
 
作者: 《中国曲艺音乐集成》全国编辑委员会 , 《中国曲艺音乐集成.天津卷》编辑委员会[编]
分册:  
出版信息: [北京]   中国ISBN中心  1993.12
页数: 1269页
开本: 16开
丛书名:
单 册:
中图分类: J617.5-61
科图分类:
主题词: 音乐--技术--理论 , 音乐--技术--方法
电子资源:
ISBN: 7-5076-0029-7
000 00842nam0 2200217 45
001 0003151404
005 20031219104043.5
010    @a7-5076-0029-7@dCNY110.00
100    @a20000315d1993 km y0chiy0120 ea
101    @achi
105    @a z 000yy
200 1  @a中国曲艺音乐集成.天津卷@f《中国曲艺音乐集成》全国编辑委员会,《中国曲艺音乐集成.天津卷》编辑委员会[编]@F《Zhong Guo Qu Yi Yin Yue Ji Cheng》Quan Guo Bian Ji Wei Yuan Hui,《Zhong Guo Qu Yi Yin Yue Ji Cheng.Tian Jin Juan》Bian Ji Wei Yuan Hui[Bian]
210    @a[北京]@c中国ISBN中心@d1993.12
215    @a1269页@d16开
606 0  @a音乐@x技术@x理论
606 0  @a音乐@x技术@x方法
690    @aJ617.5-61@v1
701    @a《中国曲艺音乐集成》全国编辑委员会
701  0 @a《中国曲艺音乐集成.天津卷》编辑委员会[编]
801    @aCN@bTSTC@c20000315
905    @f1@b285735@dJ617.5-61@e161:1
    
    中国曲艺音乐集成.天津卷/《中国曲艺音乐集成》全国编辑委员会,《中国曲艺音乐集成.天津卷》编辑委员会[编].-[北京]:中国ISBN中心,1993.12
    1269页;16开
    
    
    ISBN 7-5076-0029-7:CNY110.00
    
●
相关链接 在E读中查询图书 在五车中查询图书 在当当中查询图书 在豆瓣中查询图书


正题名:中国曲艺音乐集成·天津卷     索取号:J617.5-61/161:1         预约/预借

序号 登录号 条形码 馆藏地/架位号 状态 备注
1 0285735   002857359   第一样本阅览室/ [索取号:J617.5-61/161:1] 在馆    
唐山师范学院图书馆 欢迎您!
大连网信软件有限公司© 版权所有